| 000 | 01025nam a2200229 i 4500 | ||
|---|---|---|---|
| 001 | 21692 | ||
| 003 | ES-MaACL | ||
| 005 | 20250905123854.0 | ||
| 007 | t| | ||
| 008 | 021127s1847 sp |||| | spa d | ||
| 245 | 0 | 0 |
_aÁlbum de Momo _b: colección de lo más selecto que se publicó en La Risa o sean Composiciones jocosas en prosa y verso / _cde Hartzenbusch ... [et al.] ; publicación de la Sociedad Literaria bajo la dirección de Wenceslao Ayguals de Izco. |
| 260 |
_aMadrid : _bImp. de Wenceslao Ayguals de Izco, _c1847. |
||
| 300 |
_a576 p. : _bil. ; _c23 cm. |
||
| 530 | _aDisponible en formato digital. | ||
| 650 | 4 |
_aSátiras españolas- _yS.XIX. _9155109 |
|
| 700 | 1 |
_aAyguals de Izco, Wenceslao, _d1801-1873 _9125761 |
|
| 700 | 1 |
_aHartzenbusch, Juan Eugenio, _d1806-1880 _962011 |
|
| 710 | 2 |
_aSociedad Literaria (Madrid) _9147336 |
|
| 852 |
_aES-MaACL _jR-3148 _x Olim:D-4085 |
||
| 856 |
_uhttp://www.archive.org/details/albumdemomocole00hartgoog _zInternet Archive |
||
| 999 |
_c21692 _d21692 |
||